Handbook of microwave techniques and equipment /

Bibliographic Details
Main Author: Thomas, Harry Elliot, 1902-
Format: Book
Language:English
Published: Englewood Cliffs, N.J. : Prentice-Hall, [1972]
Subjects:

MARC

Tag First Indicator Second Indicator Subfields
LEADER 00000cam a2200000 4500
001 in00000093150
005 20150925085254.0
008 720925s1972 njua 00110 eng
010 |a  72002347  
020 |a 0133803295 
035 |a (OCoLC)00447284 
035 |9 AAL1729AM 
040 |a DLC  |c DLC  |d TXA  |d UtOrBLW 
049 |a TXAM  |c [1025041] 
050 0 0 |a TK7876  |b .T43 
082 0 |a 621.381/3 
100 1 |a Thomas, Harry Elliot,  |d 1902- 
245 1 0 |a Handbook of microwave techniques and equipment /  |c [by] Harry E. Thomas. 
264 1 |a Englewood Cliffs, N.J. :  |b Prentice-Hall,  |c [1972] 
300 |a ix, 319 pages :  |b illustrations ;  |c 26 cm. 
336 |a text  |b txt  |2 rdacontent 
337 |a unmediated  |b n  |2 rdamedia 
338 |a volume  |b nc  |2 rdacarrier 
650 0 |a Microwaves. 
999 |a MARS 
999 f f |s ec884242-1f05-3943-9a2b-dc6fe8611d31  |i 9a4f8213-0806-34e9-9e52-feb2c0a568e2  |t 0 
952 f f |p ric  |a Texas A&M University  |b Rellis Campus  |c Joint Library Facility  |d Remote Storage  |t 0  |e TK7876 .T43  |h Library of Congress classification  |i unmediated -- volume  |m A14805508636 
998 f f |a TK7876 .T43  |t 0  |l Remote Storage